| 000 | 00644nam a2200229 i 4500 | ||
|---|---|---|---|
| 001 | 14805 | ||
| 003 | ES-MaACL | ||
| 005 | 20230906150909.0 | ||
| 007 | t| | ||
| 008 | 990611s1987 it ||||1| ita d | ||
| 080 | _a821.131.1-82"18" | ||
| 100 | 1 |
_aDossi, Carlo. _945457 |
|
| 245 | 1 | 0 |
_aAmori / _cCarlo Dossi ; a cura di Dante Isella. |
| 250 | _a2ยช ed. | ||
| 260 |
_aMilano : _bAdelphi, _c1987. |
||
| 300 |
_a223 p. ; _c18 cm. |
||
| 490 | 1 |
_aPiccola biblioteca Adelphi ; _v50 |
|
| 700 | 1 |
_aIsella, Dante. _965552 |
|
| 830 | 0 |
_aPiccola biblioteca Adelphi ; _v50 _9179675 |
|
| 852 |
_aES-MaACL _jL-21991 _bR.122796 |
||
| 999 |
_c14805 _d14805 |
||